Влияние температуры на образование твидовой структуры на фольгах монокристалла алюминия при циклическом растяжении; Иерархические материалы: разработка и приложения для новых технологий и надежных конструкций
| Parent link: | Иерархические материалы: разработка и приложения для новых технологий и надежных конструкций.— 2018.— [С. 37-38] |
|---|---|
| מחבר ראשי: | |
| מחבר תאגידי: | |
| מחברים אחרים: | , |
| סיכום: | Заглавие с экрана Режим доступа: по договору с организацией-держателем ресурса |
| שפה: | רוסית |
| יצא לאור: |
2018
|
| סדרה: | Основные принципы и методология физической мезомеханики материалов с иерархической структурой |
| נושאים: | |
| גישה מקוונת: | https://elibrary.ru/item.asp?id=36748640 http://dx.doi.org/10.17223/9785946217408/20 |
| פורמט: | אלקטרוני Book Chapter |
| KOHA link: | https://koha.lib.tpu.ru/cgi-bin/koha/opac-detail.pl?biblionumber=659795 |
MARC
| LEADER | 00000nla2a2200000 4500 | ||
|---|---|---|---|
| 001 | 659795 | ||
| 005 | 20240115133018.0 | ||
| 035 | |a (RuTPU)RU\TPU\network\28595 | ||
| 035 | |a RU\TPU\network\28592 | ||
| 090 | |a 659795 | ||
| 100 | |a 20190401a2018 k y0rusy50 ca | ||
| 101 | 0 | |a rus | |
| 102 | |a RU | ||
| 105 | |a y z 100zy | ||
| 135 | |a drgn ---uucaa | ||
| 181 | 0 | |a i | |
| 182 | 0 | |a b | |
| 200 | 1 | |a Влияние температуры на образование твидовой структуры на фольгах монокристалла алюминия при циклическом растяжении |f П. В. Кузнецов, С. В. Панин, А. В. Бяков | |
| 203 | |a Текст |c электронный | ||
| 225 | 1 | |a Основные принципы и методология физической мезомеханики материалов с иерархической структурой | |
| 300 | |a Заглавие с экрана | ||
| 320 | |a [Библиогр.: с. 38 (2 назв.)] | ||
| 333 | |a Режим доступа: по договору с организацией-держателем ресурса | ||
| 463 | 0 | |0 (RuTPU)RU\TPU\network\28560 |t Иерархические материалы: разработка и приложения для новых технологий и надежных конструкций |o международный симпозиум, 1-5 октября 2018 года, Томск, Россия |o тезисы докладов международной конференции "Перспективные материалы с иерархической структурой для новых технологий и надежных конструкций" |o тезисы докладов международной конференции "Химия нефти и газа" |f Российская академия наук (РАН), Сибирское отделение (СО), Институт физики прочности и материаловедения (ИФПМ) ; Российская академия наук (РАН), Сибирское отделение (СО), Институт химии нефти (ИХН) ; Национальный исследовательский Томский политехнический университет (ТПУ) |v [С. 37-38] |d 2018 | |
| 610 | 1 | |a электронный ресурс | |
| 610 | 1 | |a труды учёных ТПУ | |
| 610 | 1 | |a температура | |
| 610 | 1 | |a твидовые структуры | |
| 610 | 1 | |a монокристаллы | |
| 610 | 1 | |a алюминий | |
| 610 | 1 | |a циклическое растяжение | |
| 610 | 1 | |a фольга | |
| 610 | 1 | |a неравновесные условия | |
| 610 | 1 | |a циклические деформации | |
| 700 | 1 | |a Кузнецов |b П. В. |c физик |c доцент Томского политехнического университета, кандидат физико-математических наук |f 1952- |g Павел Викторович |3 (RuTPU)RU\TPU\pers\34497 |9 17880 | |
| 701 | 1 | |a Панин |b С. В. |c специалист в области материаловедения |c профессор Томского политехнического университета, доктор технических наук |f 1971- |g Сергей Викторович |3 (RuTPU)RU\TPU\pers\26548 |9 12237 | |
| 701 | 1 | |a Бяков |b А. В. |c специалист в области материаловедения |c инженер Томского политехнического университета, кандидат технических наук |f 1985- |g Антон Викторович |3 (RuTPU)RU\TPU\pers\28936 | |
| 712 | 0 | 2 | |a Национальный исследовательский Томский политехнический университет |b Инженерная школа новых производственных технологий |b Отделение материаловедения |3 (RuTPU)RU\TPU\col\23508 |
| 801 | 2 | |a RU |b 63413507 |c 20191118 |g RCR | |
| 856 | 4 | |u https://elibrary.ru/item.asp?id=36748640 | |
| 856 | 4 | |u http://dx.doi.org/10.17223/9785946217408/20 | |
| 942 | |c CF | ||